Joueurs passés par l'OGC Nice - Mort subite - Statistiques

Statistiques générales
  • Ce quiz a été pris 914 fois
  • Le résultat moyen est 4 sur 20
Answers on the Grid
Answers color-coded by a green-red scale on the quiz's grid according to % correct below.
Dante
Adrien Thomasson
Mario Balotelli
Teddy Boulhendi
Clément Chantôme
Neal Maupay
Benjamin André
Salvatore Sirigu
Houssem Aouar
Sada Thioub
Clément Grenier
Rémi Walter
Bryan Mbeumo
Wesley Sneijder
Alban Lafont
Diogo Jota
Reda Belahyane
Just Fontaine
Gautier Lloris
Mads Bech Sörensen
Emerse Faé
Maxime Le Marchand
Cédric Carrasso
Jean-Pierre Adams
Eric Bauthéac
Lenny Pintor
Yunis Abdelhamid
Marcus Thuram
Olivier Boscagli
Abdoulaye Doucouré
Malik Sellouki
Calvin Stengs
Sébastien Roudet
Danilo Barbosa
Benjamin Nivet
Patrick Kluivert
Allan Saint-Maximin
Samuel Grandsir
Seko Fofana
Mario Lemina
 
Statistiques - réponses
Réponse % Correct
Dante
98%
Mario Balotelli
85%
Neal Maupay
32%
Wesley Sneijder
20%
Allan Saint-Maximin
19%
Eric Bauthéac
13%
Mario Lemina
13%
Gautier Lloris
12%
Olivier Boscagli
12%
Rémi Walter
10%
Calvin Stengs
9%
Emerse Faé
9%
Maxime Le Marchand
9%
Danilo Barbosa
5%
Jean-Pierre Adams
5%
Just Fontaine
5%
Reda Belahyane
5%
Malik Sellouki
2%
Sada Thioub
2%
Sébastien Roudet
2%
Aucun quiz correspondant
Distribution des résultats
% des personnes avec chaque résultat
Percentile par nombre de réponses
Votre historique - résultats
Vous n’avez pas pris ce quiz